| 000 | 00864cam a22002531 4500 | ||
|---|---|---|---|
| 001 | l 49000015 | ||
| 003 | DLC | ||
| 005 | 20260227111541.0 | ||
| 008 | 750416s1949 dcua b f000 0 eng c | ||
| 010 | _al 49000015 | ||
| 035 | _a(OCoLC)1281604 | ||
| 040 |
_aU.S. Dept. of Labor. Library _cTxShA _dOCoLC _dDLC |
||
| 042 | _apremarc | ||
| 050 | 0 | 0 |
_aHD8072 _b.A16 1949 |
| 082 | _a331.8 | ||
| 086 | 0 | _aL 2.2:F 87 | |
| 110 | 1 |
_aUnited States. _bBureau of Labor Statistics. |
|
| 245 | 1 | 4 |
_aThe gift of freedom, _ba study of the economic and social status of wage earners in the United States. |
| 260 |
_a[Washington, _bU.S. Govt. Print. Off., _c1949] |
||
| 300 |
_aix, 142 p. _billus. _c24 cm. |
||
| 504 | _a"Sources of information": p. 127-132. | ||
| 650 | 0 |
_aLabor and laboring classes _zUnited States. |
|
| 650 | 0 |
_aCost and standard of living _zUnited States. |
|
| 999 |
_c36638 _d36638 |
||